| 000 | 00889nam a22002657a 4500 | ||
|---|---|---|---|
| 001 | 000546 | ||
| 003 | DO-SdBNP | ||
| 005 | 20220527094425.0 | ||
| 007 | 000546 | ||
| 008 | 161011b 1994 sp a |||||| 00| 0 spa d | ||
| 040 |
_aBPMSU _bspa _cBPMSU |
||
| 082 |
_aR591.5 _b T238a 1994 _222 |
||
| 100 | 1 | _aTaylor, Barbara | |
| 245 | 0 | 0 |
_a Atlas visuales de los animales / _b _cBarbara Taylor ; ilustración Kenneth Lilly ; traducción Juan Santisteban ; revisión científica Ángel Moreno. |
| 246 | 0 | _aLos grandes atlas visuales | |
| 260 |
_aBarcelona : _bEl Periódico, _c1994 |
||
| 300 |
_av.: _bil. ; mapas ; _c36 cm. |
||
| 650 | 4 |
_aAnimales _v Atlas. _x |
|
| 650 | 4 |
_aConducta animal _vLiteratura juvenil. _x |
|
| 650 | 4 | _aAtlas ilustrado. | |
| 700 | 1 | _aLilly, Kenneth | |
| 700 | 1 |
_aSantisteban, Juan, _etraductor |
|
| 700 | 1 |
_aMoreno, Ángel, _erevisión |
|
| 942 |
_2ddc _cBK |
||
| 999 |
_c11534 _d11534 |
||